000 02323nam0a2200421 4500
001 RU\NLR\BIBL_A\022597550
005 20260213155200.0
010 _a978-5-17-176070-0
_92500
021 _aRU
_bКН-П-25-034798
_9КН-П-25-3434
035 _a(NLR Aleph) 022597550
090 _a13551593
_c13551593
100 _a20250806d2025 u y0rusy50 ca
101 1 _arus
_ceng
102 _aRU
105 _aa z 000yy
181 0 _ai3
_baxxe
182 0 _an
200 1 _aСамый богатый человек в Вавилоне
_fДжордж С. Клейсон
203 _aТекст
_bвизуальный
_cнепосредственный
210 _aМосква
_cАСТ
_d2025
215 _a342, [1] с.
_cил.
_d22
225 1 _aСерия "Мировая классика. Полный перевод"
320 _aБиблиогр. в подстроч. примеч.
333 _a12+
423 0 _1200#1$aЧеловек мыслящий. 8 столпов процветания$e[к сборнику в целом: перевод]$fДжеймс Аллен
_1210##$aМосква$d2015
_1215##$aС. 170-343$cил.
_1700#1$3RU\NLR\AUTH\770285300$aАллен$bД.$cписатель, философ$f1864-1912$gДжеймс
_tЧеловек мыслящий. 8 столпов процветания
_aАллен, Джеймс (писатель, философ ; 1864-1912)
606 1 _aПредприниматели
_jПопулярные издания
_xДоходы
_91971180
_3RU\NLR\AUTH\66903244
606 1 _aБогатство
_jПопулярные издания
_xСоциально-психологические исследования
_92584461
_3RU\NLR\AUTH\661527652
607 _aВавилония
_jПопулярные издания
_xНародное хозяйство
_91216880
_3RU\NLR\AUTH\66176330
686 1 _aУ03(0)3я9
686 1 _aУ5-13-03я9
686 1 _aС550.423я9
700 1 _7ca
_8rus
_aКлейсон
_bД. С.
_f1874-1957
_gДжордж Самюэль
_914038
_3RU\NLR\AUTH\7731024
701 1 _7ca
_8rus
_aАллен
_bД.
_cписатель, философ
_f1864-1912
_gДжеймс
_92680721
_3RU\NLR\AUTH\770285300
942 _cBOOK
980 _aNB